01831naa a2200385 i 4500001000700000003000900007005001700016007000300033008004100036017001800077020001500095035001900110040003500129080001200164080001200176080001500188100004100203245008600244260004700330300002100377336002200398337003000420338002400450500001300474504004000487520034600527650003800873650002600911650003400937852020400971903004101175942001801216999001901234952019201253193189ES-MaACL20240824191725.0ta230930s2002 sp f 001 0 spa c aM. 39027-2002 a847491678X aRebiun16680711 aSpMaUCSC. dUMHbspacES-MaACL a615.014 a615.015 a614.27:658 aPlasencia Cano, Manuelaeaut923428610aManual de prácticas tuteladas en oficina de farmacia / cManuela Plasencia Cano aMadrid : bEditorial Complutense, c[2002] a312 p. ; c24 cm 2rdacontentaTexto 2rdamediaasin mediación 2rdacarrieravolumen aÍndice aBibliografía: páginas [309]-310 aRecoge, de manera esquemática, todas las cuestiones, funciones y facetas que se resuelven y desempeñan en una farmacia, y que se deben transmitir al alumno en las "Practicas tuteladas" durante su "estancia" en la Farmacia tutorial. Proporciona al farmacéutico tutor una guía práctica y útil para el desarrollo de su labor docente04aAtención farmacéutica923433204aFarmacología91272500aFarmacias-9234288xGestión aES-MaACL9200565bR.154596jN-9355cDEPOJgDedicatoria autógrafa de la autorahDonación: Manuela Plasencia Cano fSello seco con las iniciales de la autoraxEncuadernación rústica con solapas aPlasencia Cano, Manuelaednr9234286 n0cMONOGRAFIA c193189d193189 00102udc40708LibrosdedicadosaATENEOMbATENEOMcDEPOJd2023-09-30eDONACIONj1l0oN-9355p101205860r2023-09-30 00:00:00w2023-09-30yMONOGRAFIAzDedicatoria autógrafa de la autora